[Event "BEL-chT 1516"]
[Site "Belgium"]
[Date "2016.04.17"]
[Round "10.5"]
[White "Vandevoort, Pascal"]
[Black "De Haan, Eric"]
[Result "0-1"]
[WhiteElo "2376"]
[BlackElo "2303"]
[PlyCount "56"]
[EventDate "2015.09.27"]
[EventType "team-tourn"]
[EventRounds "11"]
[EventCountry "BEL"]
[SourceTitle "EXT 2017"]
[Source "ChessBase"]
[SourceDate "2016.10.25"]
[SourceVersion "1"]
[SourceVersionDate "2016.10.25"]
[SourceQuality "1"]
[WhiteTeam "Liege Crelel"]
[BlackTeam "Borgerhout"]
[WhiteTeamCountry "BEL"]
[BlackTeamCountry "BEL"]

1. e4 c5 2. Nf3 e6 3. Nc3 Nc6 4. d4 cxd4 5. Nxd4 Qc7 6. Be3 a6 7. Qd2 Nf6 8. 0-0-0 Be7 9. f3 b5 10. Nxc6 dxc6 11. Qf2 e5 12. Bb6 Qb7 13. Kb1 Be6 14. g4 0-0 15. h4 a5 16. Ne2 Rfb8 17. Bc5 Rd8 18. Bg2 Bxc5 19. Qxc5 Nd7 20. Qf2 Qb6 21. Qg3 Qc5 22. Nc1 a4 23. a3 Nb6 24. Nd3 Qc4 25. Nc1 b4 26. Qxe5 bxa3 27. bxa3 Nd7 28. Rxd7 Rdb8+ 0-1

[Event "BEL-chT 1516"]
[Site "Belgium"]
[Date "2016.03.06"]
[Round "8.3"]
[White "Vandevoort, Pascal"]
[Black "Capone, Nicola"]
[Result "1/2-1/2"]
[WhiteElo "2376"]
[BlackElo "2398"]
[PlyCount "80"]
[EventDate "2015.09.27"]
[EventType "team-tourn"]
[EventRounds "11"]
[EventCountry "BEL"]
[SourceTitle "EXT 2017"]
[Source "ChessBase"]
[SourceDate "2016.10.25"]
[SourceVersion "1"]
[SourceVersionDate "2016.10.25"]
[SourceQuality "1"]
[WhiteTeam "Liege Crelel"]
[BlackTeam "Fontaine"]
[WhiteTeamCountry "BEL"]
[BlackTeamCountry "BEL"]

1. e4 c5 2. Nf3 d6 3. d4 cxd4 4. Nxd4 Nf6 5. Nc3 Nc6 6. h3 e5 7. Nf3 h6 8. Bc4 Be7 9. 0-0 0-0 10. Qe2 a6 11. Rd1 Be6 12. Nd5 Rc8 13. c3 b5 14. Bb3 Na5 15. Nxf6+ Bxf6 16. Bd5 Nc4 17. Be3 Qa5 18. Rd3 Be7 19. Nh2 Nxe3 20. Qxe3 Bxd5 21. Rxd5 f5 22. Nf1 Qa4 23. exf5 Rxf5 24. Ng3 Rf4 25. f3 Qc4 26. Rd3 Qe6 27. Qd2 Rd8 28. Rd5 Qg6 29. Kh2 Bg5 30. Qd3 Qxd3 31. Rxd3 Rc4 32. Ne4 Be7 33. Rad1 Rc6 34. Kg3 Kf7 35. Rd5 Ke6 36. R1d3 Rb8 37. b3 a5 38. Kf2 Rcb6 39. Ke2 Ra8 40. Kd2 g6 1/2-1/2

[Event "BEL-chT 1516"]
[Site "Belgium"]
[Date "2016.02.21"]
[Round "7.3"]
[White "Coenen, Michael"]
[Black "Vandevoort, Pascal"]
[Result "1-0"]
[WhiteElo "2435"]
[BlackElo "2376"]
[PlyCount "83"]
[EventDate "2015.09.27"]
[EventType "team-tourn"]
[EventRounds "11"]
[EventCountry "BEL"]
[SourceTitle "CBM 170 Extra"]
[Source "ChessBase"]
[SourceDate "2016.02.25"]
[SourceVersion "1"]
[SourceVersionDate "2016.02.25"]
[SourceQuality "1"]
[WhiteTeam "KSK Rochade"]
[BlackTeam "Liege Crelel"]
[WhiteTeamCountry "BEL"]
[BlackTeamCountry "BEL"]

1. e4 d5 2. exd5 Nf6 3. d4 Bg4 4. Bb5+ Nbd7 5. Be2 Bxe2 6. Qxe2 Nxd5 7. Nf3 e6 8. 0-0 c6 9. c4 N5f6 10. Nc3 Be7 11. d5 cxd5 12. cxd5 Nxd5 13. Nxd5 exd5 14. Re1 Nf6 15. Bg5 Kf8 16. Rad1 Bb4 17. Rf1 Qd7 18. Qd3 Rd8 19. Qd4 Be7 20. Qxa7 h6 21. Be3 Kg8 22. Ne5 Qf5 23. Bd4 Bd6 24. Nf3 Rd7 25. Qa4 Kh7 26. Bxf6 gxf6 27. Nd4 Qh5 28. g3 Re7 29. Qc2+ Qg6 30. Qb3 Rd8 31. Nf3 Red7 32. Rxd5 Bxg3 33. Rxd7 Bf4+ 34. Kh1 Rxd7 35. Re1 Rd3 36. Qxb7 f5 37. Ng1 Rd2 38. Qf3 Bg5 39. a4 Rxb2 40. Nh3 Ra2 41. Qb3 Rd2 42. Nxg5+ 1-0

[Event "BEL-chT 1516"]
[Site "Belgium"]
[Date "2015.10.11"]
[Round "2.5"]
[White "Popovic, Petar"]
[Black "Vandevoort, Pascal"]
[Result "1-0"]
[WhiteElo "2451"]
[BlackElo "2376"]
[PlyCount "57"]
[EventDate "2015.09.27"]
[EventType "team-tourn"]
[EventRounds "11"]
[EventCountry "BEL"]
[SourceTitle "CBM 168 Extra"]
[Source "ChessBase"]
[SourceDate "2015.10.29"]
[SourceVersion "1"]
[SourceVersionDate "2015.10.29"]
[SourceQuality "1"]
[WhiteTeam "Wirtzfeld"]
[BlackTeam "Liege Crelel"]
[WhiteTeamCountry "BEL"]
[BlackTeamCountry "BEL"]

1. e4 c5 2. Nf3 d6 3. d4 cxd4 4. Nxd4 Nf6 5. Nc3 g6 6. g3 Bg7 7. Bg2 0-0 8. h3 Nc6 9. Be3 Bd7 10. 0-0 Qc8 11. Kh2 Ne5 12. Nd5 Nxd5 13. exd5 Nc4 14. Bc1 e5 15. dxe6 fxe6 16. b3 Qc5 17. c3 Ne5 18. Be3 Qc7 19. c4 a6 20. Rc1 Rad8 21. Qd2 Nf7 22. a4 Bc8 23. a5 Qe7 24. Ne2 Rfe8 25. Bb6 Rd7 26. Rcd1 Kh8 27. Rfe1 Qf8 28. Nc3 e5 29. Ne4 1-0

[Event "Eupen"]
[Site "Eupen"]
[Date "2014.08.30"]
[Round "9"]
[White "Coenen, Michael"]
[Black "Vandevoort, Pascal"]
[Result "1-0"]
[WhiteElo "2294"]
[BlackElo "2390"]
[PlyCount "75"]
[EventDate "2014.08.22"]
[EventType "tourn"]
[EventRounds "9"]
[EventCountry "BEL"]
[EventCategory "4"]
[SourceTitle "EXT 2016"]
[Source "ChessBase"]
[SourceDate "2015.10.08"]
[SourceVersion "1"]
[SourceVersionDate "2015.10.08"]
[SourceQuality "1"]

1. e4 c5 2. Nf3 d6 3. d4 cxd4 4. Nxd4 Nf6 5. Nc3 Nc6 6. h3 Qb6 7. Nb3 e6 8. Be3 Qc7 9. g4 h6 10. Qd2 a6 11. f4 g5 12. fxg5 hxg5 13. Be2 b5 14. Bxg5 Bg7 15. Rf1 Nh7 16. Bf4 b4 17. Na4 Ne5 18. 0-0-0 Bd7 19. Qxb4 Rb8 20. Qd4 Nf8 21. Nc3 Nfg6 22. Bg5 Rxh3 23. Qxd6 Qxd6 24. Rxd6 Rg3 25. Rfd1 Bf8 26. Rxa6 Nxg4 27. Nb5 f6 28. Nc7+ Ke7 29. Nc5 Bc8 30. Ra7 fxg5 31. N7xe6+ Kf6 32. Rf1+ Ke5 33. Rf5+ Kd6 34. Rd5+ Kc6 35. Nd8+ Kb6 36. Na4+ Kxa7 37. Ra5+ Ba6 38. Rxa6# 1-0

[Event "Eupen"]
[Site "Eupen"]
[Date "2014.08.24"]
[Round "3"]
[White "Hautot, Stephane"]
[Black "Vandevoort, Pascal"]
[Result "1/2-1/2"]
[WhiteElo "2374"]
[BlackElo "2390"]
[PlyCount "40"]
[EventDate "2014.08.22"]
[EventType "tourn"]
[EventRounds "9"]
[EventCountry "BEL"]
[EventCategory "4"]
[SourceTitle "EXT 2016"]
[Source "ChessBase"]
[SourceDate "2015.10.08"]
[SourceVersion "1"]
[SourceVersionDate "2015.10.08"]
[SourceQuality "1"]

1. d4 Nf6 2. Nf3 d5 3. c4 e6 4. e3 a6 5. Nc3 c5 6. cxd5 exd5 7. dxc5 Bxc5 8. Be2 Nc6 9. 0-0 0-0 10. a3 Bg4 11. b4 Bd6 12. Bb2 Rc8 13. h3 Bh5 14. Nd4 Bxe2 15. Ncxe2 Ne5 16. Nf5 Bb8 17. Bxe5 Bxe5 18. Nfd4 Bb8 19. Qd3 Qd6 20. Nf3 Qe6 1/2-1/2

[Event "Eupen"]
[Site "Eupen"]
[Date "2014.08.23"]
[Round "2"]
[White "Vandevoort, Pascal"]
[Black "Winterberg, Lukas"]
[Result "0-1"]
[WhiteElo "2390"]
[BlackElo "2282"]
[PlyCount "50"]
[EventDate "2014.08.22"]
[EventType "tourn"]
[EventRounds "9"]
[EventCountry "BEL"]
[EventCategory "4"]
[SourceTitle "EXT 2016"]
[Source "ChessBase"]
[SourceDate "2015.10.08"]
[SourceVersion "1"]
[SourceVersionDate "2015.10.08"]
[SourceQuality "1"]

1. Nf3 Nf6 2. g3 e6 3. Bg2 d5 4. 0-0 Be7 5. d4 b6 6. c4 c6 7. Nc3 0-0 8. Ne5 Bb7 9. e4 dxc4 10. a4 Nbd7 11. Nxc4 Ba6 12. b3 Bxc4 13. bxc4 e5 14. d5 cxd5 15. exd5 Bc5 16. d6 Bd4 17. Ra3 Rc8 18. Nb5 Rxc4 19. Qe2 Qc8 20. Nxa7 Qc5 21. Bg5 Rc2 22. Qd3 e4 23. Bxe4 Nxe4 24. Qxe4 Bxf2+ 25. Kh1 Qxa3 0-1

[Event "BEL-chT 1314"]
[Site "Belgium"]
[Date "2014.03.16"]
[Round "11.4"]
[White "Kerigan, Demre"]
[Black "Vandevoort, Pascal"]
[Result "1/2-1/2"]
[WhiteElo "2281"]
[BlackElo "2387"]
[PlyCount "69"]
[EventDate "2013.09.22"]
[EventType "team-tourn"]
[EventRounds "11"]
[EventCountry "BEL"]
[SourceTitle "EXT 2015"]
[Source "ChessBase"]
[SourceDate "2014.11.20"]
[SourceVersion "1"]
[SourceVersionDate "2014.11.20"]
[SourceQuality "1"]
[WhiteTeam "Borgerhout"]
[BlackTeam "Liege Crelel"]
[WhiteTeamCountry "BEL"]
[BlackTeamCountry "BEL"]

1. e4 c5 2. Nf3 e6 3. d4 cxd4 4. Nxd4 a6 5. Bd3 Qc7 6. 0-0 Nf6 7. Nc3 b5 8. Qe2 Bb7 9. e5 Nd5 10. Nxd5 Bxd5 11. a4 b4 12. Bd2 Qb7 13. Qg4 Nc6 14. Nxc6 Bxc6 15. a5 h5 16. Qh3 Be7 17. f4 f5 18. exf6 gxf6 19. Bg6+ Kd8 20. Be3 h4 21. f5 e5 22. Rfd1 Qb5 23. c4 bxc3 24. Bb6+ Kc8 25. Qxc3 h3 26. Bf7 hxg2 27. Be6 dxe6 28. Rac1 Bc5+ 29. Qxc5 Qxc5+ 30. Rxc5 Kb7 31. fxe6 Rag8 32. Rc3 Rh7 33. Rd6 Bb5 34. Bd8 Rxh2 35. Rb6+ 1/2-1/2

[Event "BEL-chT 1314"]
[Site "Belgium"]
[Date "2013.12.15"]
[Round "6.1"]
[White "Van den Doel, Erik"]
[Black "Vandevoort, Pascal"]
[Result "1-0"]
[WhiteElo "2565"]
[BlackElo "2387"]
[PlyCount "57"]
[EventDate "2013.09.22"]
[EventType "team-tourn"]
[EventRounds "11"]
[EventCountry "BEL"]
[SourceTitle "EXT 2015"]
[Source "ChessBase"]
[SourceDate "2014.11.20"]
[SourceVersion "1"]
[SourceVersionDate "2014.11.20"]
[SourceQuality "1"]
[WhiteTeam "Wirtzfeld"]
[BlackTeam "Liege Crelel"]
[WhiteTeamCountry "BEL"]
[BlackTeamCountry "BEL"]

1. e4 c5 2. Nf3 Nc6 3. Bb5 d6 4. Bxc6+ bxc6 5. 0-0 e5 6. c3 Bg4 7. d4 cxd4 8. cxd4 Bxf3 9. gxf3 exd4 10. Qxd4 Qf6 11. Qc3 Ne7 12. Rd1 Rd8 13. Na3 Qxc3 14. bxc3 Nc8 15. Nc4 Be7 16. Rb1 Rd7 17. a4 0-0 18. a5 f5 19. a6 fxe4 20. fxe4 Bh4 21. Be3 Re8 22. Rb7 Ree7 23. Rb8 Re8 24. e5 d5 25. Na5 Rc7 26. Rb7 Bd8 27. Bg5 Ne7 28. Bxe7 Rexe7 29. Rb8 1-0

[Event "Maastricht Limburg op-A 7th"]
[Site "Maastricht"]
[Date "2013.05.19"]
[Round "4"]
[White "Vandevoort, Pascal"]
[Black "Hovhannisyan, Mher"]
[Result "0-1"]
[WhiteElo "2387"]
[BlackElo "2491"]
[PlyCount "170"]
[EventDate "2013.05.17"]
[EventType "swiss"]
[EventRounds "7"]
[EventCountry "NED"]
[SourceTitle "CBM 154 Extra"]
[Source "ChessBase"]
[SourceDate "2013.06.25"]
[SourceVersion "2"]
[SourceVersionDate "2013.06.25"]
[SourceQuality "1"]

1. d4 d5 2. c4 c6 3. Nc3 Nf6 4. e3 g6 5. Nf3 Bg7 6. Bd3 0-0 7. 0-0 Bg4 8. h3 Bxf3 9. Qxf3 dxc4 10. Bxc4 Nbd7 11. Rd1 e5 12. d5 e4 13. Nxe4 Nxe4 14. Qxe4 Nb6 15. Bb3 Nxd5 16. Qf3 Qe7 17. Rb1 Rfd8 18. Bd2 Nb6 19. e4 c5 20. Bc3 Bxc3 21. Qxc3 Rac8 22. Rxd8+ Rxd8 23. Rc1 Rc8 24. Bc2 Nd7 25. Rd1 Nf6 26. e5 Nh5 27. Ba4 Nf4 28. Qe3 Qg5 29. Qe4 Nxh3+ 30. Kf1 Nf4 31. g3 Ne6 32. Rd7 Rc7 33. Rxc7 Nxc7 34. Qxb7 Qxe5 35. Qxa7 Qxb2 36. Qxc7 Qb1+ 37. Kg2 Qe4+ 38. Kg1 Qxa4 39. Qxc5 Qxa2 40. Qc8+ Kg7 41. Qc3+ Kg8 42. Qc8+ Kg7 43. Qc3+ f6 44. Qc7+ Qf7 45. Qd6 h5 46. Qc5 Qd7 47. Qb4 Qa7 48. Qd6 Qa1+ 49. Kg2 Qa8+ 50. Kg1 Qb7 51. Qc5 g5 52. Qd4 Qe7 53. Qd1 Kh6 54. Qd4 Qe6 55. Qb4 Kg6 56. Qb1+ Kg7 57. Qb7+ Qf7 58. Qe4 Qd7 59. Qe2 Kh6 60. Qe4 Qc7 61. Qe8 Qe5 62. Qf8+ Kg6 63. Qg8+ Kf5 64. Qh7+ Kg4 65. Qd7+ Kf3 66. Qd1+ Qe2 67. Qd5+ Kg4 68. Qg2 Qf3 69. Qf1 f5 70. Qc4+ Kh3 71. Qf1+ Kg4 72. Qc4+ Qe4 73. Qc1 h4 74. Qd1+ Qf3 75. Qb1 hxg3 76. fxg3 Qxg3+ 77. Kh1 Qf3+ 78. Kg1 Kh3 79. Qc2 Qe3+ 80. Kf1 Qf4+ 81. Kg1 Qd4+ 82. Kf1 Qf4+ 83. Kg1 g4 84. Qg2+ Kh4 85. Qb7 Qe3+ 0-1

[Event "Maastricht Limburg op-A 7th"]
[Site "Maastricht"]
[Date "2013.05.19"]
[Round "5"]
[White "Vandevoort, Pascal"]
[Black "Nachbar, Benjamin"]
[Result "1-0"]
[WhiteElo "2387"]
[BlackElo "2176"]
[PlyCount "117"]
[EventDate "2013.05.17"]
[EventType "swiss"]
[EventRounds "7"]
[EventCountry "NED"]
[SourceTitle "EXT 2014"]
[Source "ChessBase"]
[SourceDate "2013.11.20"]
[SourceVersion "1"]
[SourceVersionDate "2013.11.20"]
[SourceQuality "1"]

1. d4 d5 2. Bf4 c6 3. e3 Bf5 4. c4 e6 5. Nc3 Nd7 6. Nf3 Ngf6 7. h3 Be7 8. Qb3 Qb6 9. c5 Qxb3 10. axb3 0-0 11. b4 a6 12. Nd2 Rfc8 13. Be2 Bd8 14. 0-0 Ne8 15. e4 dxe4 16. Ncxe4 Bxe4 17. Nxe4 Ndf6 18. f3 Nd5 19. Bd2 f5 20. Nf2 Bf6 21. Bc3 Ne3 22. Rfc1 Nc7 23. Nd3 Rd8 24. Kf2 f4 25. Nxf4 Nf5 26. Bc4 Bxd4+ 27. Bxd4 Rxd4 28. Nxe6 Rxc4 29. Rxc4 Nxe6 30. g4 Nfd4 31. Rd1 Rd8 32. Rd3 g5 33. Ke3 Re8 34. Rdxd4 Nxd4+ 35. Kxd4 Re2 36. b3 Kf7 37. Rc3 Kf6 38. Re3 Rd2+ 39. Ke4 Rf2 40. h4 h6 41. h5 Rd2 42. Rd3 Re2+ 43. Kd4 Kf7 44. Kc3 Rf2 45. b5 axb5 46. Kb4 Ke7 47. Ka5 Rc2 48. Kb6 b4 49. Rd6 Rc3 50. Rxh6 Rxb3 51. Rh7+ Ke6 52. Rxb7 Rxf3 53. Kxc6 Rf4 54. Rb6 Rxg4 55. Kb7+ Ke7 56. c6 Rc4 57. Kb8 g4 58. c7 Kd7 59. Rb7 1-0

[Event "Maastricht Limburg op-A 7th"]
[Site "Maastricht"]
[Date "2013.05.18"]
[Round "2"]
[White "Vandevoort, Pascal"]
[Black "Sadikhov, Ulvi Ramil Oglu"]
[Result "1-0"]
[WhiteElo "2387"]
[BlackElo "2202"]
[PlyCount "121"]
[EventDate "2013.05.17"]
[EventType "swiss"]
[EventRounds "7"]
[EventCountry "NED"]
[SourceTitle "EXT 2014"]
[Source "ChessBase"]
[SourceDate "2013.11.20"]
[SourceVersion "1"]
[SourceVersionDate "2013.11.20"]
[SourceQuality "1"]

1. c4 g6 2. Nc3 Bg7 3. Nf3 c5 4. e3 Nf6 5. d4 cxd4 6. exd4 d5 7. Be2 0-0 8. 0-0 Nc6 9. h3 b6 10. Ne5 Bb7 11. Bf3 e6 12. Bg5 Ne7 13. Re1 h6 14. Bf4 g5 15. Bh2 Nf5 16. c5 Rc8 17. b4 bxc5 18. dxc5 Nd7 19. Rc1 Nxe5 20. Bxe5 Bxe5 21. Rxe5 Qf6 22. Rxf5 Qxf5 23. Nb5 Qf4 24. a3 Ba6 25. Nd6 Rc6 26. g3 Qe5 27. Qa4 Rxd6 28. cxd6 Bc4 29. Qc6 Rd8 30. d7 Qf6 31. Bd1 Qb2 32. Rxc4 dxc4 33. Qc7 Qf6 34. Ba4 c3 35. Qxa7 e5 36. Qc5 e4 37. Bc6 e3 38. fxe3 c2 39. Qxc2 Qa1+ 40. Kf2 Qxa3 41. Qd2 Qb3 42. b5 Qe6 43. Kg2 Qf6 44. e4 Qe5 45. Qb4 h5 46. Qd2 h4 47. Qf2 hxg3 48. Qxg3 Qb2+ 49. Kf3 Qf6+ 50. Kg4 Kg7 51. e5 Qh6 52. h4 gxh4 53. Qxh4 Qxh4+ 54. Kxh4 Kf8 55. Kg5 Ke7 56. Kf5 Rb8 57. Ke4 Kd8 58. Kd5 Ke7 59. Kc5 Ke6 60. Kd4 Rb6 61. d8Q 1-0

[Event "NED-chT 1213"]
[Site "Netherlands"]
[Date "2013.03.09"]
[Round "7.5"]
[White "Van der Stricht, Geert"]
[Black "Vandevoort, Pascal"]
[Result "1/2-1/2"]
[WhiteElo "2403"]
[BlackElo "2390"]
[PlyCount "116"]
[EventDate "2012.09.15"]
[EventType "team-tourn"]
[EventRounds "9"]
[EventCountry "NED"]
[SourceTitle "EXT 2014"]
[Source "ChessBase"]
[SourceDate "2013.11.20"]
[SourceVersion "1"]
[SourceVersionDate "2013.11.20"]
[SourceQuality "1"]
[WhiteTeam "Calder HMC"]
[BlackTeam "Rotterdam"]
[WhiteTeamCountry "NED"]
[BlackTeamCountry "NED"]

1. d4 e6 2. c4 Bb4+ 3. Bd2 Qe7 4. Nf3 f5 5. g3 Nf6 6. Bg2 0-0 7. 0-0 Bxd2 8. Qxd2 d6 9. Nc3 Nbd7 10. Rac1 c6 11. Qd3 d5 12. e3 Ne4 13. Rfd1 Nd6 14. b3 b6 15. Ne5 Bb7 16. Na4 Nxe5 17. dxe5 Nf7 18. f4 Rfd8 19. cxd5 cxd5 20. Nc3 Rac8 21. Ne2 Qa3 22. Qd2 Rxc1 23. Rxc1 Rc8 24. Rxc8+ Bxc8 25. Nd4 Nd8 26. Qc2 Qc5 27. b4 Qxc2 28. Nxc2 Bd7 29. Bf1 Kf7 30. Kf2 Ba4 31. Nd4 Nc6 32. Nxc6 Bxc6 33. Ba6 Ba4 34. Ke2 Ke7 35. Kd3 Bd7 36. Kd4 h6 37. Be2 Ba4 38. g4 g6 39. h4 Bc2 40. Kc3 Bb1 41. Kb2 Be4 42. g5 h5 43. Kb3 Bb1 44. a3 Be4 45. Ka4 d4 46. exd4 Bc6+ 47. Kb3 Bd5+ 48. Kc3 Kf7 49. Ba6 Ke7 50. a4 Bc6 51. d5 Bxd5 52. a5 Bf3 53. Kd4 Bd5 54. Bb5 Bf3 55. Bc4 Bc6 56. Be2 Bd5 57. Bd3 Bb7 58. Bb5 Bd5 1/2-1/2

[Event "NED-chT 1213"]
[Site "Netherlands"]
[Date "2012.11.03"]
[Round "3.7"]
[White "Galoyan, Levon"]
[Black "Vandevoort, Pascal"]
[Result "0-1"]
[WhiteElo "2256"]
[BlackElo "2390"]
[PlyCount "54"]
[EventDate "2012.09.15"]
[EventType "team-tourn"]
[EventRounds "9"]
[EventCountry "NED"]
[SourceTitle "EXT 2013"]
[Source "ChessBase"]
[SourceDate "2012.11.22"]
[SourceVersion "1"]
[SourceVersionDate "2012.11.22"]
[SourceQuality "1"]
[WhiteTeam "Groningen"]
[BlackTeam "Rotterdam"]
[WhiteTeamCountry "NED"]
[BlackTeamCountry "NED"]

1. d4 Nf6 2. c4 g6 3. Nc3 Bg7 4. e4 d6 5. f3 0-0 6. Be3 c5 7. Nge2 Nc6 8. Qd2 Qa5 9. d5 Ne5 10. Nc1 a6 11. Be2 b5 12. cxb5 axb5 13. Nxb5 Bd7 14. Na3 Rfb8 15. Qxa5 Rxa5 16. Nb3 Ra4 17. Rc1 e6 18. g4 exd5 19. g5 Ne8 20. exd5 Nc7 21. f4 Nxd5 22. Bxc5 Nxf4 23. Bxd6 Re8 24. Rc2 Ned3+ 25. Kd1 Nf2+ 26. Ke1 N2d3+ 27. Kd1 Nxe2 0-1

[Event "Charleroi op"]
[Site "Charleroi"]
[Date "2012.08.02"]
[Round "7"]
[White "Zubarev, Alexander2"]
[Black "Vandevoort, Pascal"]
[Result "1-0"]
[WhiteElo "2596"]
[BlackElo "2388"]
[PlyCount "81"]
[EventDate "2012.07.28"]
[EventType "swiss"]
[EventRounds "9"]
[EventCountry "BEL"]
[SourceTitle "CBM 149 Extra"]
[Source "ChessBase"]
[SourceDate "2012.08.24"]
[SourceVersion "1"]
[SourceVersionDate "2012.08.24"]
[SourceQuality "1"]

1. d4 Nf6 2. c4 g6 3. Nc3 Bg7 4. e4 d6 5. Be2 0-0 6. Bg5 c5 7. d5 a6 8. a4 h6 9. Bf4 Re8 10. Qd2 Kh7 11. h3 e6 12. Nf3 exd5 13. exd5 Ne4 14. Nxe4 Rxe4 15. 0-0 Qf6 16. Bg3 Qxb2 17. Qxb2 Bxb2 18. Bd3 Bxa1 19. Bxe4 Bf6 20. Bxd6 Nd7 21. Bc7 a5 22. Rb1 Kg7 23. Rb3 Ra6 24. d6 Ra7 25. Kf1 Kf8 26. Ke2 Ke8 27. Bd5 Kf8 28. g4 Bg7 29. Kd2 Bf6 30. Rb1 Bg7 31. Re1 Bf6 32. h4 g5 33. hxg5 hxg5 34. Kc2 Ra6 35. Rb1 Ra7 36. Nd2 Be5 37. Ne4 f6 38. Rh1 Kg7 39. Be6 Ra8 40. Bf5 Nf8 41. Nxc5 1-0

[Event "Charleroi op"]
[Site "Charleroi"]
[Date "2012.07.31"]
[Round "5"]
[White "Ringoir, Tanguy"]
[Black "Vandevoort, Pascal"]
[Result "1/2-1/2"]
[WhiteElo "2427"]
[BlackElo "2388"]
[PlyCount "100"]
[EventDate "2012.07.28"]
[EventType "swiss"]
[EventRounds "9"]
[EventCountry "BEL"]
[SourceTitle "CBM 149 Extra"]
[Source "ChessBase"]
[SourceDate "2012.08.24"]
[SourceVersion "1"]
[SourceVersionDate "2012.08.24"]
[SourceQuality "1"]

1. d4 Nf6 2. c4 g6 3. Nc3 Bg7 4. e4 d6 5. h3 0-0 6. Be3 Nbd7 7. Nf3 e5 8. d5 Nc5 9. Qc2 a5 10. Be2 Nh5 11. g3 f5 12. Bxc5 dxc5 13. Nd2 Nf6 14. h4 h5 15. 0-0-0 Ng4 16. Rdf1 Bh6 17. Kb1 Ra6 18. Qd3 f4 19. gxf4 exf4 20. f3 Ne5 21. Qc2 Bg7 22. Qd1 Bd7 23. Qe1 a4 24. a3 Rff6 25. Kc2 Rfb6 26. Qf2 Qf6 27. Rc1 Qe7 28. Rhg1 Kh7 29. Qh2 Qf6 30. Qf2 Qf8 31. Kb1 Bf6 32. Ka2 Ra8 33. Rc2 Bg7 34. Rg5 Nf7 35. Rg2 Bd4 36. Qe1 Qg7 37. Rh2 Raa6 38. Rh1 Qf6 39. Rh2 Qg7 40. Rh1 Qf6 41. Rh2 Ra8 42. Rh1 Re8 43. Rh2 Ra6 44. Rh1 Kg7 45. Rh2 Raa8 46. Rh1 Kh7 47. Rh2 c6 48. Qf1 Nd6 49. Rh1 Qf7 50. Bd3 Be5 1/2-1/2

[Event "Charleroi op"]
[Site "Charleroi"]
[Date "2011.08.04"]
[Round "7"]
[White "Noiroux, Kevin"]
[Black "Vandevoort, Pascal"]
[Result "0-1"]
[WhiteElo "2199"]
[BlackElo "2409"]
[PlyCount "86"]
[EventDate "2011.07.30"]
[EventType "swiss"]
[EventRounds "9"]
[EventCountry "BEL"]
[SourceTitle "EXT 2012"]
[Source "ChessBase"]
[SourceDate "2011.11.24"]
[SourceVersion "1"]
[SourceVersionDate "2011.11.24"]
[SourceQuality "1"]

1. d4 Nf6 2. c4 g6 3. Nc3 Bg7 4. e4 d6 5. Be2 0-0 6. f4 e5 7. dxe5 dxe5 8. Qxd8 Rxd8 9. fxe5 Nfd7 10. Nd5 Na6 11. Bg5 Re8 12. Ne7+ Kf8 13. e6 Ndc5 14. Nxc8 Nxe6 15. Bh4 Bxb2 16. Rb1 Bc3+ 17. Kd1 Raxc8 18. Rxb7 Bd4 19. Nf3 Bb6 20. Rf1 Nac5 21. Rxb6 cxb6 22. e5 h6 23. Nd2 Ng5 24. Bf3 Nxf3 25. Nxf3 g5 26. Be1 g4 27. Nh4 Rc6 28. Bc3 Nd7 29. Bb4+ Kg8 30. Nf5 Nxe5 31. Ne7+ Rxe7 32. Bxe7 Kg7 33. c5 bxc5 34. Bh4 Kg6 35. Kc2 Ra6 36. Kb3 c4+ 37. Kb2 f5 38. Bg3 Kf6 39. h3 h5 40. Bh4+ Ke6 41. hxg4 hxg4 42. Re1 Kd5 43. Rf1 f4 0-1

[Event "Maastricht Limburg op-A 5th"]
[Site "Maastricht"]
[Date "2011.06.12"]
[Round "5"]
[White "Vandevoort, Pascal"]
[Black "Solleveld, Maarten"]
[Result "1-0"]
[WhiteElo "2400"]
[BlackElo "2507"]
[PlyCount "71"]
[EventDate "2011.06.10"]
[EventType "swiss"]
[EventRounds "7"]
[EventCountry "NED"]
[SourceTitle "CBM 142 Extra"]
[Source "ChessBase"]
[SourceDate "2011.06.27"]
[SourceVersion "1"]
[SourceVersionDate "2011.06.27"]
[SourceQuality "1"]

1. e4 c5 2. Nf3 e6 3. Nc3 a6 4. d4 cxd4 5. Nxd4 Qc7 6. Bd3 Nf6 7. f4 Bb4 8. Bd2 Bxc3 9. bxc3 d6 10. 0-0 e5 11. fxe5 dxe5 12. Nf5 Bxf5 13. Rxf5 Nbd7 14. Qf3 0-0 15. Rf1 Qb6+ 16. Be3 Qe6 17. Qg3 Rac8 18. c4 Ne8 19. Rh5 Rc6 20. Rf3 g6 21. Rh6 f6 22. Qh4 Rf7 23. Rh3 Nf8 24. c5 Qxa2 25. Qe1 Nc7 26. Qb4 Qa1+ 27. Kf2 Nce6 28. Bc4 Qd1 29. Qb3 Kg7 30. Bxe6 Rxe6 31. Rxh7+ Nxh7 32. Qxe6 Qxc2+ 33. Kg3 Ng5 34. Bxg5 Qd3+ 35. Kf2 fxg5+ 36. Qxf7+ 1-0

[Event "NED-chT 1011"]
[Site "Netherlands"]
[Date "2011.05.15"]
[Round "9.1"]
[White "Giri, Anish"]
[Black "Vandevoort, Pascal"]
[Result "1-0"]
[WhiteElo "2686"]
[BlackElo "2383"]
[PlyCount "73"]
[EventDate "2010.09.25"]
[EventType "team"]
[EventRounds "9"]
[EventCountry "NED"]
[SourceTitle "EXT 2012"]
[Source "ChessBase"]
[SourceDate "2011.11.24"]
[SourceVersion "1"]
[SourceVersionDate "2011.11.24"]
[SourceQuality "1"]
[WhiteTeam "Hilversum HSG"]
[BlackTeam "Rotterdam"]
[WhiteTeamCountry "NED"]
[BlackTeamCountry "NED"]

1. Nf3 c5 2. c4 Nf6 3. g3 g6 4. Bg2 Bg7 5. 0-0 0-0 6. d4 cxd4 7. Nxd4 Nc6 8. Nc3 Ng4 9. e3 Nge5 10. b3 d6 11. Nde2 Bf5 12. e4 Bd7 13. h3 f5 14. f4 Nf7 15. exf5 Bxf5 16. Be3 Bd7 17. Qd2 Qc8 18. Kh2 Nh6 19. g4 Nf7 20. Ng3 e6 21. Rad1 Ne7 22. Nce4 d5 23. cxd5 Nxd5 24. Bd4 Bxd4 25. Qxd4 Bc6 26. Qb2 Nd8 27. Nd6 Qc7 28. Qe5 Qg7 29. Bxd5 Bxd5 30. Qxg7+ Kxg7 31. f5 Nc6 32. Nxb7 gxf5 33. gxf5 Ne5 34. Nc5 Nf3+ 35. Rxf3 Bxf3 36. Nxe6+ Kf6 37. Rd3 1-0